MADAGASCAR - Statistiques

Statistiques générales
  • Ce quiz a été pris 65 fois
  • Le résultat moyen est 11 sur 15
Statistiques - réponses
Question Réponse % Correct
Dans quel océan se situe l'île de Madagascar ? L'océan Indien
97%
Quel arbre majestueux, surnommé « l'arbre bouteille », est l'un des symboles de Madagascar ? Le Baobab
95%
Quelle est la langue nationale parlée par l'ensemble de la population ? Malgache
95%
Quelle est la capitale de Madagascar? Tananarive
95%
Madagascar est le premier producteur mondial de quelle épice très précieuse ? La Vanille
92%
Lequel de ces animaux est endémique à Madagascar et n'existe nulle part ailleurs à l'état sauvage ? Le lémuriens
92%
Comment appelle-t-on les formations rocheuses calcaires acérées que l'on trouve notamment à Bemaraha ? Les Tsingy
85%
Quel est le nom du plus grand prédateur mammifère de Madagascar ? Le Fosa
80%
Quel est le plat national malgache composé de viande et de feuilles de manioc broyées ? Ravitoto
80%
Quelle est la monnaie officielle utilisée à Madagascar ? L'Ariary
76%
Quelle était la fonction du palais du Rova d'Antananarivo ? Résidence des monarques
73%
Dans la culture malgache, qu'est-ce que le « Famadihana » ? Le retournement des morts
63%
Dans les croyances malgaches, qui sont les « Mpamsavy » et quel comportement leur prête-t-on traditionnellement ? Des sorcières nocturnes qui dansent sur les tombes
58%
Quelle est la particularité du canal des Pangalanes, situé sur la côte est de l'île ? Succession de lacs et de lagunes reliés sur plus de 600km
29%
Quel animal, aujourd'hui disparu, était un oiseau géant incapable de voler mesurant plus de 3 mètres, dont on retrouve encore des débris d'œufs à Madagascar ? L'Aepyornis
20%
Aucun quiz correspondant
Distribution des résultats
% des personnes avec chaque résultat
Percentile par nombre de réponses
Votre historique - résultats
Vous n’avez pas pris ce quiz